[Event "Havana Provincial sf"]
[Site "Havana"]
[Date "1999.??.??"]
[Round "?"]
[White "Foyo Rivas, Rogelio"]
[Black "Perez, Juan C"]
[Result "0-1"]
[WhiteElo "2250"]
[BlackElo "2181"]
[PlyCount "80"]
[EventDate "1999.??.??"]
[EventType "swiss"]
[EventRounds "9"]
[EventCountry "CUB"]
[SourceTitle "EXT 2001"]
[Source "ChessBase"]
[SourceDate "2000.11.22"]
[SourceVersion "1"]
[SourceVersionDate "2000.11.22"]
[SourceQuality "1"]

1. e4 g6 2. d4 c6 3. Nc3 d5 4. h3 Bg7 5. Nf3 Nh6 6. Bd3 f6 7. 0-0 0-0 8. Re1 Na6 9. exd5 cxd5 10. Ne2 Nb4 11. Nf4 Qd6 12. c4 e6 13. Bf1 dxc4 14. Bxc4 Nd5 15. Bxd5 exd5 16. Qb3 Rd8 17. Nxd5 Kh8 18. Nc3 b6 19. Nb5 Qd7 20. Bf4 Nf5 21. Nc7 Bb7 22. Nxa8 Bxa8 23. Rac1 Bd5 24. Qd3 Nd6 25. b3 Bf8 26. Nd2 Qb7 27. f3 Qf7 28. Ne4 Ne8 29. Rc2 Ba3 30. Qb5 Qf8 31. Nd6 Nxd6 32. Qxd5 Nf5 33. Qb7 Qb4 34. Rf1 Qxd4+ 35. Rff2 Qxf4 36. Qf7 Rd1+ 37. Rf1 Rxf1+ 38. Kxf1 Ne3+ 39. Ke2 Nxc2 40. Qe8+ Kg7 0-1

[Event "CUB-ch sf"]
[Site "Villa Clara"]
[Date "1995.??.??"]
[Round "9"]
[White "Alvarez Perez, Jose"]
[Black "Foyo Rivas, Rogelio"]
[Result "1/2-1/2"]
[WhiteElo "2390"]
[BlackElo "2260"]
[PlyCount "88"]
[EventDate "1995.??.??"]
[EventType "swiss"]
[EventRounds "9"]
[EventCountry "CUB"]
[SourceTitle "EXT 1997"]
[Source "ChessBase"]
[SourceDate "1996.11.15"]
[SourceVersion "1"]
[SourceVersionDate "1996.11.15"]
[SourceQuality "1"]

1. d4 Nf6 2. g3 e6 3. Nf3 b6 4. c4 Bb4+ 5. Bd2 a5 6. Bg2 Ba6 7. Qc2 0-0 8. 0-0 c6 9. Bf4 Be7 10. Rd1 d5 11. Ne5 Bb7 12. Nd2 Na6 13. Rac1 c5 14. dxc5 Bxc5 15. Bg5 h6 16. Bxf6 Qxf6 17. Ndf3 Rfd8 18. a3 Rac8 19. Qb1 a4 20. e3 Bd6 21. Ng4 Qe7 22. cxd5 Bxd5 23. e4 Bb3 24. Rxc8 Rxc8 25. Rc1 Rd8 26. Nd4 Qg5 27. h3 h5 28. Nf3 Qa5 29. Ne3 b5 30. Nd4 Qb6 31. Nxb3 axb3 32. Rd1 Be5 33. Rxd8+ Qxd8 34. Qd1 Qxd1+ 35. Nxd1 b4 36. axb4 Nxb4 37. Bf1 Nc6 38. Bc4 Na5 39. Be2 g6 40. Kf1 Kf8 41. Bb5 Ke7 42. Ke2 Bd4 43. f4 f6 44. Kd3 e5 1/2-1/2

[Event "CUB-ch"]
[Site "Matanzas"]
[Date "1994.??.??"]
[Round "?"]
[White "Foyo Rivas, Rogelio"]
[Black "Pelaez Contti, Jorge Luis"]
[Result "1-0"]
[WhiteElo "2240"]
[BlackElo "2250"]
[PlyCount "67"]
[EventDate "1994.??.??"]
[EventType "swiss"]
[EventRounds "13"]
[EventCountry "CUB"]
[SourceTitle "EXT 2003"]
[Source "ChessBase"]
[SourceDate "2002.11.25"]
[SourceVersion "1"]
[SourceVersionDate "2002.11.25"]
[SourceQuality "1"]

1. e4 c5 2. Nf3 d6 3. d4 cxd4 4. Nxd4 Nf6 5. Nc3 Nc6 6. Bc4 g6 7. Nxc6 bxc6 8. e5 Nd7 9. Bf4 dxe5 10. Bg5 Bg7 11. Qf3 0-0 12. 0-0-0 Rb8 13. Bb3 Qa5 14. Bxe7 Rxb3 15. cxb3 Bh6+ 16. Kb1 Nc5 17. Bxc5 Qxc5 18. Ne4 Qe7 19. Qf6 Qc7 20. Qd6 Qb6 21. g4 Bg7 22. g5 Bf5 23. f3 Qe3 24. Qd3 Bxe4 25. fxe4 Qxg5 26. h4 Qe7 27. h5 f5 28. hxg6 hxg6 29. Qc4+ Qf7 30. Qxc6 fxe4 31. Rd7 Qf5 32. Qd5+ Rf7 33. Rd8+ Bf8 34. Rxf8+ 1-0

[Event "Havana op"]
[Site "Havana"]
[Date "1993.??.??"]
[Round "?"]
[White "Rivera, Alberto"]
[Black "Foyo Rivas, Rogelio"]
[Result "1-0"]
[WhiteElo "2395"]
[BlackElo "2295"]
[PlyCount "79"]
[EventDate "1993.??.??"]
[EventType "swiss"]
[EventRounds "9"]
[EventCountry "CUB"]
[SourceTitle "EXT 1998"]
[Source "ChessBase"]
[SourceDate "1997.11.17"]
[SourceVersion "1"]
[SourceVersionDate "1997.11.17"]
[SourceQuality "1"]

1. d4 Nf6 2. Nf3 e6 3. c4 Bb4+ 4. Bd2 Qe7 5. g3 Nc6 6. Bg2 Bxd2+ 7. Nbxd2 d6 8. 0-0 0-0 9. e4 e5 10. d5 Nb8 11. Ne1 a5 12. b3 Na6 13. a3 Bg4 14. f3 Bd7 15. Nd3 c6 16. Nf2 b5 17. cxb5 cxb5 18. Qe2 b4 19. a4 Nc5 20. Rfc1 Bc8 21. Qe3 Ba6 22. Bf1 Bxf1 23. Kxf1 Nfd7 24. Kg2 f5 25. Nd3 f4 26. Qe2 fxg3 27. hxg3 Qg5 28. Nxc5 Nxc5 29. Rxc5 dxc5 30. Nc4 h5 31. Qe3 Qf6 32. Rh1 g6 33. Rf1 g5 34. d6 g4 35. f4 h4 36. Qxc5 h3+ 37. Kh2 exf4 38. Rxf4 Qg6 39. Ne5 Rxf4 40. Nxg6 1-0

[Event "Havana-B"]
[Site "Havana"]
[Date "1992.??.??"]
[Round "?"]
[White "Elissalt Cardenas, Hector"]
[Black "Foyo Rivas, Rogelio"]
[Result "1/2-1/2"]
[WhiteElo "2265"]
[BlackElo "2305"]
[PlyCount "103"]
[EventDate "1992.??.??"]
[EventType "tourn"]
[EventRounds "9"]
[EventCountry "CUB"]
[SourceTitle "EXT 2000"]
[Source "ChessBase"]
[SourceDate "1999.11.16"]
[SourceVersion "1"]
[SourceVersionDate "1999.11.16"]
[SourceQuality "1"]

1. d4 Nf6 2. c4 e6 3. Nc3 Bb4 4. Nf3 c5 5. g3 Ne4 6. Qd3 Qa5 7. Qxe4 Bxc3+ 8. Bd2 Bxd2+ 9. Nxd2 0-0 10. dxc5 Na6 11. a3 f5 12. Qc2 Qxc5 13. Bg2 Rb8 14. 0-0 b6 15. b4 Qc7 16. Qd3 Bb7 17. Rfd1 Bxg2 18. Kxg2 Rbd8 19. e4 f4 20. f3 Nb8 21. Rac1 Nc6 22. g4 Qe5 23. c5 h5 24. h3 Qg5 25. Qe2 Ne5 26. Nc4 hxg4 27. hxg4 Nxg4 28. Kf1 b5 29. Qg2 Nh2+ 30. Qxh2 bxc4 31. Rxc4 Kf7 32. Rcd4 Ke7 33. R1d3 Qe5 34. Qd2 Rh8 35. Rxd7+ Kf6 36. Kg1 Rxd7 37. Rxd7 Rh3 38. Qd4 Qxd4+ 39. Rxd4 Rxf3 40. a4 Ke7 41. c6 Rc3 42. b5 Kf6 43. Rb4 Rc1+ 44. Kf2 g5 45. a5 g4 46. b6 axb6 47. axb6 Rc2+ 48. Kf1 Rc1+ 49. Ke2 f3+ 50. Ke3 Re1+ 51. Kf2 Re2+ 52. Kg1 1/2-1/2

[Event "Havana-B"]
[Site "Havana"]
[Date "1992.??.??"]
[Round "?"]
[White "Foyo Rivas, Rogelio"]
[Black "Espinosa, Julio Manuel"]
[Result "1-0"]
[WhiteElo "2305"]
[BlackElo "2275"]
[PlyCount "61"]
[EventDate "1992.??.??"]
[EventType "tourn"]
[EventRounds "9"]
[EventCountry "CUB"]
[SourceTitle "EXT 1999"]
[Source "ChessBase"]
[SourceDate "1998.11.16"]
[SourceVersion "1"]
[SourceVersionDate "1998.11.16"]
[SourceQuality "1"]

1. d4 Nf6 2. c4 g6 3. Nc3 Bg7 4. e4 d6 5. Be2 Nbd7 6. Bg5 c5 7. d5 a6 8. a4 h6 9. Bf4 Ne5 10. Nf3 Nfd7 11. Nd2 g5 12. Be3 Ng6 13. g3 Rb8 14. Bh5 Nde5 15. Qe2 e6 16. 0-0 exd5 17. exd5 Qe7 18. Nce4 g4 19. h3 f5 20. Bxg6+ Nxg6 21. Nxd6+ Qxd6 22. Bf4+ Be5 23. Rfe1 Kd8 24. Bxe5 Nxe5 25. Qxe5 Qxe5 26. Rxe5 b5 27. axb5 axb5 28. cxb5 f4 29. Nc4 fxg3 30. fxg3 Rxb5 31. Nd6 1-0

[Event "Havana-B"]
[Site "Havana"]
[Date "1992.??.??"]
[Round "?"]
[White "Foyo Rivas, Rogelio"]
[Black "Nunez, Antonio"]
[Result "1/2-1/2"]
[WhiteElo "2305"]
[BlackElo "2340"]
[PlyCount "34"]
[EventDate "1992.??.??"]
[EventType "tourn"]
[EventRounds "9"]
[EventCountry "CUB"]
[SourceTitle "EXT 1999"]
[Source "ChessBase"]
[SourceDate "1998.11.16"]
[SourceVersion "1"]
[SourceVersionDate "1998.11.16"]
[SourceQuality "1"]

1. d4 Nf6 2. c4 c5 3. d5 g6 4. Nc3 Bg7 5. Nf3 0-0 6. e4 d6 7. h3 e6 8. Bd3 exd5 9. exd5 Re8+ 10. Be3 Bf5 11. Bxf5 gxf5 12. 0-0 Ne4 13. Nxe4 fxe4 14. Nd2 Qh4 15. Qa4 Na6 16. Qd7 Rad8 17. Qf5 Re5 1/2-1/2

[Event "Havana-B"]
[Site "Havana"]
[Date "1992.??.??"]
[Round "?"]
[White "Foyo Rivas, Rogelio"]
[Black "Palao, Maricela"]
[Result "1/2-1/2"]
[WhiteElo "2305"]
[BlackElo "2150"]
[PlyCount "64"]
[EventDate "1992.??.??"]
[EventType "tourn"]
[EventRounds "9"]
[EventCountry "CUB"]
[SourceTitle "EXT 1999"]
[Source "ChessBase"]
[SourceDate "1998.11.16"]
[SourceVersion "1"]
[SourceVersionDate "1998.11.16"]
[SourceQuality "1"]

1. e4 e5 2. Nf3 Nc6 3. Nc3 Nf6 4. Bc4 Bc5 5. d3 0-0 6. Bg5 Be7 7. h3 d6 8. 0-0 Na5 9. Bb3 h6 10. Be3 Nxb3 11. axb3 a6 12. d4 exd4 13. Nxd4 Re8 14. Qf3 Bf8 15. Rad1 Qe7 16. Rfe1 Bd7 17. Nf5 Qe6 18. Bd4 Kh7 19. Ne3 Nxe4 20. Nxe4 Qxe4 21. Qxf7 Re7 22. Qd5 Rae8 23. Qxe4+ Rxe4 24. Rd3 d5 25. Bc3 c6 26. Red1 Bc5 27. Nxd5 cxd5 28. Rxd5 Bxf2+ 29. Kxf2 Re2+ 30. Kg1 Bc6 31. R5d2 h5 32. Rxe2 Rxe2 1/2-1/2